Women's modernization and development in 20th century (Record no. 533)

MARC details
000 -LEADER
fixed length control field 00822 a2200193 4500
008 - FIXED-LENGTH DATA ELEMENTS--GENERAL INFORMATION
fixed length control field 080820t xxu||||| |||| 00| 0 eng d
010 ## - LIBRARY OF CONGRESS CONTROL NUMBER
LC control number ENG-84836
020 ## - INTERNATIONAL STANDARD BOOK NUMBER
International Standard Book Number 8186772189
Terms of availability 610.00
035 ## - SYSTEM CONTROL NUMBER
System control number EN-68369
037 ## - SOURCE OF ACQUISITION
Source of stock number/acquisition D.B.Act / Pub
082 ## - DEWEY DECIMAL CLASSIFICATION NUMBER
Classification number 305.40905
245 ## - TITLE STATEMENT
Title Women's modernization and development in 20th century
Statement of responsibility, etc edited by Kamlesh Mahajan
260 ## - PUBLICATION, DISTRIBUTION, ETC. (IMPRINT)
Place of publication, distribution, etc New Delhi
Name of publisher, distributor, etc New Academic Publishers
Date of publication, distribution, etc 2006
270 ## - ADDRESS
Address 4760-61, 23, Ansari Road, Daryaganj
City Delhi
State or province Delhi
Postal code 110002
300 ## - PHYSICAL DESCRIPTION
Extent viii, 233 p. ;
Dimensions 22 cm. (Hb)
500 ## - GENERAL NOTE
General note Includes bibliographical references and index
942 ## - ADDED ENTRY ELEMENTS (KOHA)
Institution code [OBSOLETE] dpl
Koha item type English Books
Call number prefix 305.40905 / WOM
Source of classification or shelving scheme Dewey Decimal Classification
Classification part 305.40905
Call number suffix WOM
Holdings
Withdrawn status Lost status Damaged status Not for loan Home library Current library Date acquired Cost, normal purchase price Total Checkouts Full call number Barcode Date last seen Copy number Uniform Resource Identifier Cost, replacement price Price effective from Koha item type
        D.B.Act.Division D.B.Act.Division 20/08/2008 610.00   305.40905 WOM EN-68369 15/09/2008 1 558 610.00 15/09/2008 English Books

© Delhi Public Library
Hit Counter
free hit counter